Taylor Swift - Debut Track Listing - Statistics

General Stats
  • This quiz has been taken 35 times
  • The average score is 13 of 14
Answer Stats
Track % Correct
1 Tim McGraw
100%
5 Cold As You
96%
13 Invisible
96%
4 A Place in this World
93%
11 Our Song
93%
2 Picture To Burn
93%
9 Should've Said No
93%
14 A Perfectly Good Heart
89%
12 I'm Only Me When I'm With You
89%
10 Mary's Song (Oh My My My)
89%
3 Teardrops On My Guitar
89%
8 Stay Beautiful
85%
7 Tied Together with a Smile
85%
6 The Outside
81%
No matching quizzes found
Score Distribution
Percent of People with Each Score
Percentile by Number Answered
Your Score History
You have not taken this quiz